|
|
|
|
| LEADER |
00000naa2a2200000 4500 |
| 001 |
390986 |
| 005 |
20231101064034.0 |
| 035 |
|
|
|a (RuTPU)RU\TPU\prd\24567
|
| 090 |
|
|
|a 390986
|
| 100 |
|
|
|a 20040330a2004 k y0rusy50 ca
|
| 101 |
0 |
|
|a rus
|
| 102 |
|
|
|a RU
|
| 200 |
1 |
|
|a Новый ряд элементарных звеньев для проектирования линейных динамических систем
|f Г. Т. Мишин
|
| 320 |
|
|
|a Библиогр.: 8 назв.
|
| 461 |
|
1 |
|0 (RuTPU)RU\TPU\prd\1139
|t Наукоемкие технологии
|o научно-технический журнал
|d 2001-
|
| 463 |
|
1 |
|0 (RuTPU)RU\TPU\prd\23930
|t № 2-3
|v С. 85-97
|d 2004
|
| 610 |
1 |
|
|a линейные динамические системы
|
| 610 |
1 |
|
|a проектирование
|
| 610 |
1 |
|
|a модели
|
| 610 |
1 |
|
|a элементарные звенья
|
| 610 |
1 |
|
|a структурные матрицы
|
| 610 |
1 |
|
|a системообразующие элементы
|
| 610 |
1 |
|
|a связи
|
| 610 |
1 |
|
|a структурные построения
|
| 675 |
|
|
|a 62-50
|v 3
|
| 700 |
|
1 |
|a Мишин
|b Г. Т.
|
| 801 |
|
1 |
|a RU
|b 63413507
|c 20040330
|g PSBO
|
| 942 |
|
|
|c BK
|